000 00226nam a2200097 a 4500
005 20140414132038.0
008 110322s19uu xx 00 eng d
050 _aTR
_bW63 2003
245 _aThe wild leaf ride.
999 _c113770
_d113770